Edocere Medicos. La componente umanistica nella formazione del medico (Record n. 208497)

Dettagli MARC
000 -LEADER
campo di controllo lung. fissa 00824npc a2200229Ia 4500
001 - Numero di controllo
campo di controllo db11-31275
003 - Identificatore del numero di controllo
campo di controllo IT-MiCISF
005 - Data e orario dell'ultima transazione
campo di controllo 20230302114200.0
008 - Elementi di lunghezza fissa--Informazione generale
campo di controllo lung. fissa 161014s9999||||xx | und||
040 ## - Fonte della catalogazione
Agenzia catalografica originale IT-MiCISF
Agenzia che fa la trascrizione IT-MiCISF
041 ## - Codice di lingua
Codice di lingua del testo/traccia sonora o titolo separato it
100 ## - Accesso principale -- nome di persona
Nome di persona Diana Esther, Lippi Donatella (a cura di)
9 (RLIN) 59490
245 #0 - Formulazione del titolo
Titolo Edocere Medicos. La componente umanistica nella formazione del medico
260 ## - Pubblicazione, distribuzione, ecc. (stampa)
Nome dell'editore, distributore, ecc. Regione Toscana
Data di pubblicazione, distribuzione, ecc. 2000
300 ## - Descrizione fisica
Estensione pp. 109
500 ## - Nota generale
Nota generale / operatori-sanitari, formazione, malattia, società, rapporti-paziente-terapeuta, filosofia, diritti-del-malato /
650 ## - Accesso aggiunto di soggetto--termine topico
Termine topico o nome geografico come accesso bioetica
9 (RLIN) 56169
654 ## - Accesso aggiunto di soggetto--termini topici faccettati
Termine principale atti
700 ## - Accesso aggiunto--nome di persona
Nome di persona Marini C., Panti A., Poli R., Marri L., Diana E., Ghidetti E., Lippi D., Palagi U., Lombardi M.A., Barni M., Pagni A.
9 (RLIN) 59491
942 ## - Dati aggiuntivi (Koha)
Tipo copia default (Koha) DOCUMENTI
Fonte della classificazione o dello schema di collocazione (segnatura) Dewey Decimal Classification
999 ## - Sys Number locale (Koha)
Koha Dewey Subclass [OBSOLETE] si
Dati di copia
Ritirato (status) Perso (status) Danneggiato (status) Non per il presito Biblioteca proprietaria Biblioteca in cui si trova Data d'acquisizione Totale prestiti Collocazione Data ultima operazione Prezzo in vigore dal Tipo copia default (Koha) Nota pubblica
    Buone Condizioni Not For Loan CISF - Milano CISF - Milano 14/10/2016   db11-31275 14/10/2016 14/10/2016 DOCUMENTI Data import 15.10.2016 / by Epidotti, Vaglietti
CREDITS: SOCIETA' SAN PAOLO Via A.Severo, 58 - ROMA (RM) & PERIODICI SAN PAOLO SRL Via Giotto, 36 MILANO & CISF Via Giotto, 36 MILANO & EDIZIONI SAN PAOLO SRL,  Piazza Soncino, 5 CINISELLO BALSAMO (MI) -- ITALY